000 00285nam a2200121 i 4500
001 bg
245 0 _aSwitching ARC phenomena.
_nP. 1,
_pConference materials.
260 _aŁódź,
_c1985.
040 _cBPK
041 _apol
942 _cKS
008 s pl f |000 0 pol
999 _c28135
_d28135
856 _uhttp://koha.tu.koszalin.pl/cgi-bin/koha/opac-detail.pl?biblionumber=28135
_yKatalog online BPK